Multimedia Systems (Record no. 2026)
[ view plain ]
| 000 -LEADER | |
|---|---|
| fixed length control field | 00287nam a22001337a 4500 |
| 003 - CONTROL NUMBER IDENTIFIER | |
| control field | OSt |
| 005 - DATE AND TIME OF LATEST TRANSACTION | |
| control field | 20240605124127.0 |
| 020 ## - INTERNATIONAL STANDARD BOOK NUMBER | |
| International Standard Book Number | 9788177588279 |
| 040 ## - CATALOGING SOURCE | |
| Transcribing agency | Pearson |
| 082 ## - DEWEY DECIMAL CLASSIFICATION NUMBER | |
| Classification number | 006.7 |
| 245 ## - TITLE STATEMENT | |
| Title | Multimedia Systems |
| Statement of responsibility, etc. | by Buford, John F. Koegel |
| 260 ## - PUBLICATION, DISTRIBUTION, ETC. | |
| Name of publisher, distributor, etc. | Pearson |
| 942 ## - ADDED ENTRY ELEMENTS (KOHA) | |
| Source of classification or shelving scheme | Dewey Decimal Classification |
| Koha item type | BK |
| Withdrawn status | Lost status | Source of classification or shelving scheme | Damaged status | Not for loan | Home library | Current library | Date acquired | Inventory number | Total Checkouts | Full call number | Barcode | Date last seen | Cost, replacement price | Price effective from | Koha item type |
|---|---|---|---|---|---|---|---|---|---|---|---|---|---|---|---|
| Dewey Decimal Classification | Department of Information Technology - Hetauda School of Management and Social Sciences | Department of Information Technology - Hetauda School of Management and Social Sciences | 12/28/2022 | 15945 | 006.7 Buf 2011 | 15945 | 12/28/2022 | 1022.00 | 12/28/2022 | BK |